| 000 | 00000nam 2200000zi 4500 |
| 001 | 9.918479 |
| 003 | CaOODSP |
| 005 | 20240704094502 |
| 006 | m o d f |
| 007 | cr mn||||||||| |
| 008 | 221219e202212 onc ob f000 0 fre d |
| 040 | |aCaOODSP|bfre|erda|cCaOODSP |
| 043 | |an-cn--- |
| 086 | 1 |aXC71-1/1-441-5F-PDF |
| 110 | 1 |aCanada. |bParlement. |bChambre des communes. |bComité permanent de la condition féminine, |eauteur, |eorganisme de publication. |
| 245 | 10|aRépondre aux appels à la justice : |blutter contre la violence faite aux femmes et aux filles autochtones dans le contexte de projets d'exploitation des ressources : rapport du Comité permanent de la condition féminine / |cla présidente, Karen Vecchio. |
| 264 | 1|a[Ottawa] : |bChambre des communes, Canada = House of Commons, Canada, |cdécembre 2022. |
| 300 | |a1 ressource en ligne (viii, 57 pages). |
| 336 | |atexte|btxt|2rdacontent/fre |
| 337 | |ainformatique|bc|2rdamedia/fre |
| 338 | |aressource en ligne|bcr|2rdacarrier/fre |
| 490 | 1 |aRapport du Comité permanent de la condition féminine ; |v5e rapport, 44e législature, 1re session |
| 500 | |aPublié aussi en anglais sous le titre : Responding to the calls for justice : addressing violence against Indigenous women and girls in the context of resource development projects : report of the Standing Committee on the Status of Women. |
| 500 | |aDate originale de publication : 2022/12/14. Republié : 2022/12/15. |
| 500 | |a« 44e législature, 1re session. » |
| 500 | |a« Cinquième rapport. » |
| 504 | |aComprend des références bibliographiques. |
| 650 | 6|aFemmes des Peuples autochtones|xViolence envers|zCanada|xPrévention. |
| 650 | 6|aFilles des Peuples autochtones|xViolence envers|zCanada|xPrévention. |
| 650 | 6|aPersonne bispirituelles|xViolence envers|zCanada|xPrévention. |
| 650 | 6|aVictimes de violence|xServices|zCanada. |
| 650 | 6|aRessources naturelles|xExploitation|xAspect social|zCanada. |
| 700 | 1 |aVecchio, Karen, |d1971- |
| 775 | 08|tResponding to the calls for justice : |w(CaOODSP)9.918478 |
| 830 | #0|aRapport du Comité permanent de la condition féminine ;|v5e rapport, 44e législature, 1re session.|w(CaOODSP)9.503203 |
| 856 | 40|qPDF|s2.41 Mo|uhttps://publications.gc.ca/collections/collection_2022/parl/xc71-1/XC71-1-1-441-5-fra.pdf |
| 856 | 4 |qHTML|sS.O.|uhttps://www.noscommunes.ca/DocumentViewer/fr/44-1/FEWO/rapport-5 |